[Event "FRA-ch Seniors"]
[Site "Chartres"]
[Date "2019.??.??"]
[Round "4"]
[White "Goldenberg, Richard"]
[Black "Basic, Bosko"]
[Result "1/2-1/2"]
[WhiteElo "2215"]
[BlackElo "2008"]
[PlyCount "70"]
[EventDate "2019.08.17"]
[EventType "swiss"]
[EventRounds "9"]
[EventCountry "FRA"]
[SourceTitle "EXT 2020"]
[Source "ChessBase"]
[SourceDate "2019.10.17"]
[SourceVersion "1"]
[SourceVersionDate "2019.10.17"]
[SourceQuality "1"]

1. c4 e6 2. Nf3 Nf6 3. b3 b6 4. g3 Bb7 5. Bg2 d5 6. Bb2 Nbd7 7. 0-0 Be7 8. Nc3 0-0 9. e3 Nc5 10. d4 Nce4 11. Rc1 Nxc3 12. Rxc3 Ne4 13. Rc2 Bf6 14. Nd2 c5 15. Nxe4 dxe4 16. Rd2 Qc7 17. Qc2 cxd4 18. exd4 Bg5 19. Re2 f5 20. f3 exf3 21. Bxf3 Bxf3 22. Rxf3 Qc6 23. Qd3 Rad8 24. Rf1 Bf6 25. Qe3 Rfe8 26. Rfe1 Qd7 27. Rd1 Qc6 28. Rde1 Qd7 29. Rd1 Qc6 30. a4 h6 31. Rde1 Qd7 32. Rd1 Qc6 33. Rde1 Qd7 34. Rd1 Qc6 35. Rde1 Qd7 1/2-1/2

[Event "FRA-ch Seniors"]
[Site "Chartres"]
[Date "2019.??.??"]
[Round "5"]
[White "Seknadje Askenazi, Jose"]
[Black "Goldenberg, Richard"]
[Result "0-1"]
[WhiteElo "1988"]
[BlackElo "2215"]
[PlyCount "106"]
[EventDate "2019.08.17"]
[EventType "swiss"]
[EventRounds "9"]
[EventCountry "FRA"]
[SourceTitle "EXT 2020"]
[Source "ChessBase"]
[SourceDate "2019.10.17"]
[SourceVersion "1"]
[SourceVersionDate "2019.10.17"]
[SourceQuality "1"]

1. e4 g6 2. d4 Bg7 3. Nf3 d6 4. h3 Nd7 5. Bc4 e6 6. Nc3 a6 7. a4 Ne7 8. Be3 b6 9. 0-0 Bb7 10. Qd2 h6 11. Rfe1 Nf6 12. d5 e5 13. Rad1 g5 14. Nh2 Ng6 15. g3 Bc8 16. Bf1 Bd7 17. f3 Qc8 18. Qg2 Nh5 19. Rd2 0-0 20. Rf2 Kh8 21. Kh1 Qe8 22. b3 b5 23. a5 Kh7 24. b4 Qe7 25. Ne2 Rg8 26. Ng4 Raf8 27. Qh2 f5 28. exf5 Rxf5 29. Ng1 Qf7 30. Rd1 Bc8 31. Bd3 Qxd5 32. Rfd2 Qf7 33. Bxf5 Qxf5 34. Qf2 Bb7 35. Kh2 Rf8 36. Rf1 Rf7 37. c3 e4 38. Bd4 exf3 39. Bxg7 Nxg7 40. Ne3 Qe5 41. Rd4 h5 42. Re1 Ne6 43. Nf1 Qf5 44. Ne3 Qe5 45. Nf1 Qf6 46. Rd3 Ne5 47. Rde3 g4 48. h4 Ng7 49. Nd2 Nf5 50. Ne4 Bxe4 51. Rxe4 Nd3 52. Qd2 Nxe1 53. Qxe1 Re7 0-1